Central Library OPAC University of Rajshahi

The Baltic Sea in ancient maps / (Record no. 21959)

MARC details
000 -LEADER
fixed length control field 00760cam a22002531 4500
001 - CONTROL NUMBER
control field 21959
003 - CONTROL NUMBER IDENTIFIER
rucl marc code BD-RjUL
005 - DATE AND TIME OF LATEST TRANSACTION
control field 20211209000741.0
008 - FIXED-LENGTH DATA ELEMENTS--GENERAL INFORMATION
fixed length control field 140306s1961 sw abc b 000 0 eng
035 ## - SYSTEM CONTROL NUMBER
System control number (BD-RjUL)22024
System control number (OCoLC)4656117
040 ## - CATALOGING SOURCE
Original cataloging agency DLC
Transcribing agency INS
Modifying agency DLC
-- BD-RjUL
Language of cataloging eng
041 1# - LANGUAGE CODE
Language code of text/sound track or separate title englav
082 00 - DEWEY DECIMAL CLASSIFICATION NUMBER
Classification number 914.74
Author mark and year SPB 1961
100 1# - MAIN ENTRY--PERSONAL NAME
Personal name Spekke, Arnolds,
Dates associated with a name 1887-1972.
9 (RLIN) 67808
245 14 - TITLE STATEMENT
Title The Baltic Sea in ancient maps /
Statement of responsibility, etc. By Arnolds Spekke.
260 ## - PUBLICATION, DISTRIBUTION, ETC. (IMPRINT)
Place of publication, distribution, etc. Stockholm :
Name of publisher, distributor, etc. M. Goppers,
Date of publication, distribution, etc. 1961.
300 ## - PHYSICAL DESCRIPTION
Pagination ix, 75, [1] p. :
Illustrations illus., group port., maps (part fold.) ;
Size 31 cm.
504 ## - BIBLIOGRAPHY, ETC. NOTE
Bibliography, etc Bibliography: p. 75-[76]
650 #0 - SUBJECT ADDED ENTRY--TOPICAL TERM
Topical term or geographic name as entry element Cartography
Geographic subdivision Baltic Sea.
9 (RLIN) 67809
942 ## - ADDED ENTRY ELEMENTS (KOHA)
Source of classification or shelving scheme Dewey Decimal Classification
Koha item type Books
Holdings
Lost status Source of classification or shelving scheme Damaged status Not for loan Collection code Permanent Location Current Location Shelving location Date acquired Source of acquisition Cost, normal purchase price Total Checkouts Full call number Date last seen Copy number Koha item type
  Dewey Decimal Classification   Added to bundle Non-fiction Central Library, University of Rajshahi Central Library, University of Rajshahi Reading Room 14/05/1962 Zeitlinger. 110.00   914.74 SPB 1961 06/03/2014 C-1 Books